000 00424 a2200169 4500
001 49811
020 _a8573118415
040 _cAnchieta - Bela Vista
100 _aMillán, José Antonio
240 1 0 _aO pequeno livro que ainda não tinha título
_lpor
245 1 0 _aO pequeno livro que ainda não tinha título
300 _a101
362 0 _a2001
440 1 _aPaulinas
650 4 _aLiteratura juvenil
942 _cBK
999 _c49811
_d49811